000 00747nam a2200121Ia 4500
008 220615s9999||||xx |||||||||||||| ||und||
100 _aDammery, Sally
245 0 _aFirst Blood
_bA Cultural Study of Menarche
546 _aEnglish[eng]
650 _aSociology||menarche||menstruation||first menstruation||cultural attitudes to menstruation||menstruation and religion||folklore about menstruation||historical attitudes to menstruation||implications of menstruation||beliefs about menstruation||Menarche||Menstruation
856 _uhttps://library.oapen.org/bitstream/20.500.12657/31441/1/628132.pdf||https://library.oapen.org/bitstream/20.500.12657/31441/1/628132.pdf||https://library.oapen.org/bitstream/20.500.12657/31441/1/628132.pdf
942 _cEB
999 _c8687
_d8687